| 000 | 00835nam a2200277Ia 4500 | ||
|---|---|---|---|
| 001 | Z_1693 | ||
| 003 | CHAP | ||
| 008 | 220113s1999 xx 000 0 und d | ||
| 010 | _a164784 | ||
| 040 | _cCHAP | ||
| 090 | _aTesis S 1349 | ||
| 100 |
_aSánchez Toris, Gualberto _9107889 |
||
| 245 |
_aComportamiento productivo de ocho variedades de alfalfa (Medicago sativa L.) en Chapingo, México / _cpor Gualberto Sánchez Toris |
||
| 260 |
_aChapingo, Méx. : _bEl autor, _c1999 |
||
| 300 | _a62 h | ||
| 502 | _aTesis (Ing. Agr. Esp. en Zootecnia) -- UACH. Departamento de Zootecnia | ||
| 650 |
_aAlfalfa _xMéxico (Edo.) _9138860 |
||
| 650 |
_aAlfalfa _xRendimiento _93887 |
||
| 650 |
_aAlfalfa _xVariedades _93893 |
||
| 901 | _aTESIS S 1349 | ||
| 902 | _aM | ||
| 910 | _a1999 | ||
| 942 | _c2 | ||
| 942 | _c2 | ||
| 999 |
_c164784 _d164784 |
||